000
00289nam a22001337a 4500
008
170913b xxu||||| |||| 00| 0 eng d
020
_a
9780387943763
041
_a
eng
080
_a
53
100
_a
43
101
_a
FIZ
245
_a
MORE THAN MYSTERY
_c
SILVERMAN,M,P
942
_2
udc
_c
BK
999
_c
27403
_d
27403